00819nam a22002297a 450000500170000001000150001702000260003203500130005803700130007108200120008410000160009624501010011225000110021326000300022427000800025430000310033450500400036570000170040594200260042299900170044895201240046520150213124823.0 aENG-112071 a9789351433736c595.00 aEN-95603 bDBAD/PUB a340.112 aKaria, Amit aLaw ethics and communication made easy/cby Amit Karia [and] Rajiv Singh; edited by Eesha Narang a4th ed aGurgaonbLexisNexisc2015 a14th Floor, Bldg. No.10, Tower-B, DLF Cyber City, Phase-IIbGurgaone122002 avarious pagingsb28cm(pbk) a[for CA-Intermediate (IPC) course]  aSingh, Rajiv 2ddccENmKARh340.112 c91165d91165 001040718NFICaDBADbDBADd2015-02-03eDBAD/PUBg595.00l0o340.112KARpEN-95603r2015-02-03 00:00:00t1v595.00yEN